000
00293nam a22001217a 4500
082
_a
658.85 RUS'T
100
_a
RUSSELL, FREDERIC A BEACH, FRANK HERMAN
_9
60392
245
_a
TEXTBOOK OF SALESMANSHIP
250
_a
4TH
260
_a
NEWYORK
_b
MCGRAW HILL
_c
1949
300
_a
589P
942
_c
BK
999
_c
570123
_d
570123